[Event "Bundesliga 2324"]
[Site "Germany"]
[Date "2024.02.23"]
[Round "9.7"]
[White "Maiwald, Jens Uwe"]
[Black "Pubantz, Jan"]
[Result "1-0"]
[WhiteElo "2438"]
[BlackElo "2299"]
[PlyCount "87"]
[EventDate "2023.10.21"]
[EventType "team-tourn"]
[EventRounds "15"]
[EventCountry "GER"]
[SourceTitle "CB09_2024"]
[SourceDate "2024.02.28"]
[SourceVersion "1"]
[SourceVersionDate "2024.02.28"]
[SourceQuality "1"]
[WhiteTeam "Dresden TU"]
[BlackTeam "Lister Turm"]
[WhiteTeamCountry "GER"]
[BlackTeamCountry "GER"]

1. e4 c6 2. d4 d5 3. e5 Bf5 4. h4 h6 5. g4 Be4 6. f3 Bh7 7. e6 c5 8. dxc5 Nc6 9. Nc3 fxe6 10. Bd3 Nf6 11. Nh3 Nd7 12. Bxh7 Rxh7 13. Qd3 g6 14. Bf4 Rf7 15. 0-0-0 Bg7 16. Rhe1 Nde5 17. Bxe5 Nxe5 18. Rxe5 Bxe5 19. Qxg6 Bxc3 20. bxc3 Qc7 21. g5 Qe5 22. gxh6 Qf5 23. Qg4 0-0-0 24. Ng5 Rf6 25. Qxf5 Rxf5 26. h7 Rf6 27. c4 Rh8 28. cxd5 exd5 29. Rxd5 Rf4 30. h5 Rh4 31. Ne6 a6 32. Rg5 Kd7 33. Rg8 Kxe6 34. Rxh8 Rxh5 35. Kb2 Rh3 36. c3 Kd7 37. Kb3 Rh4 38. f4 Ke6 39. a3 Kd7 40. f5 Kc7 41. c6 Kb6 42. c4 Rh3+ 43. Kc2 Kc7 44. cxb7 1-0

[Event "Bundesliga 2324"]
[Site "Germany"]
[Date "2024.02.04"]
[Round "8.1"]
[White "Maiwald, Jens Uwe"]
[Black "Cornette, Matthieu"]
[Result "1/2-1/2"]
[WhiteElo "2438"]
[BlackElo "2581"]
[PlyCount "107"]
[EventDate "2023.10.21"]
[EventType "team-tourn"]
[EventRounds "15"]
[EventCountry "GER"]
[SourceTitle "CB06_2024"]
[SourceDate "2024.02.07"]
[SourceVersion "1"]
[SourceVersionDate "2024.02.07"]
[SourceQuality "1"]
[WhiteTeam "Dresden TU"]
[BlackTeam "Oetigheim"]
[WhiteTeamCountry "GER"]
[BlackTeamCountry "GER"]

1. e4 c5 2. Nf3 Nc6 3. Bb5 e6 4. 0-0 Nge7 5. Re1 Ng6 6. c3 a6 7. Bf1 Be7 8. d4 cxd4 9. cxd4 d5 10. e5 0-0 11. g3 f6 12. exf6 Rxf6 13. Bg5 Rf8 14. Bxe7 Ngxe7 15. Nc3 Nf5 16. Ne2 Qf6 17. Bg2 g5 18. Qd2 h6 19. Rad1 Bd7 20. Ne5 Qg7 21. Nxc6 Bxc6 22. Nc3 Rf6 23. Re5 Raf8 24. Qe1 Bd7 25. Rd2 Ne7 26. Bh3 g4 27. Bg2 Ng6 28. Re3 h5 29. Nd1 h4 30. Rc3 hxg3 31. hxg3 Bc6 32. Re2 Re8 33. Qd2 Ne7 34. Re5 Kf7 35. Rh5 Qg6 36. Rh1 Rg8 37. Ne3 Nf5 38. Nxf5 Qxf5 39. Re3 Bb5 40. Rc3 Bc6 41. Rh4 Ke8 42. Bf1 Rgf8 43. Rh2 Qb1 44. Rc1 Qxa2 45. Qb4 Qa4 46. Qb6 Kd7 47. Bd3 a5 48. Rxc6 Qd1+ 49. Bf1 bxc6 50. Rh7+ R6f7 51. Qb7+ Ke8 52. Qxc6+ Ke7 53. Qc7+ Ke8 54. Qc8+ 1/2-1/2

[Event "Dresden Uhlmann Memorial"]
[Site "Dresden"]
[Date "2023.10.13"]
[Round "7"]
[White "Boensch, Uwe"]
[Black "Maiwald, Jens Uwe"]
[Result "1/2-1/2"]
[WhiteElo "2457"]
[BlackElo "2438"]
[PlyCount "107"]
[EventDate "2023.10.07"]
[EventType "tourn"]
[EventRounds "9"]
[EventCountry "GER"]
[EventCategory "8"]
[SourceTitle "CB47_2023"]
[SourceDate "2023.11.22"]
[SourceVersion "1"]
[SourceVersionDate "2023.11.22"]
[SourceQuality "1"]

1. d4 Nf6 2. c4 e6 3. Nf3 Bb4+ 4. Bd2 a5 5. Nc3 b6 6. g3 Bb7 7. Bg2 0-0 8. 0-0 d6 9. b3 Nbd7 10. a3 Bxc3 11. Bxc3 Be4 12. a4 Qe7 13. Re1 Rfd8 14. Bf1 c5 15. Nd2 d5 16. e3 Rac8 17. Nxe4 Nxe4 18. Bb2 dxc4 19. bxc4 Ne5 20. f3 Ng5 21. f4 Nef3+ 22. Kf2 cxd4 23. exd4 Nxe1 24. fxg5 Qb4 25. Rb1 Rc5 26. Qxe1 Rf5+ 27. Kg1 Qxa4 28. Bd3 Rxg5 29. Qe4 Rg6 30. Qh4 Rc8 31. d5 Qb3 32. Bxg6 Qe3+ 33. Kg2 Qe2+ 34. Kh3 hxg6 35. Qd4 f6 36. Rc1 Re8 37. Bc3 Kf7 38. dxe6+ Qxe6+ 39. Kg2 Qe2+ 40. Kg1 Rd8 41. Qf4 g5 42. Qf2 Rd1+ 43. Rxd1 Qxd1+ 44. Kg2 a4 45. Qd2 Qb3 46. Qd5+ Kg6 47. Qd3+ Kf7 48. h4 gxh4 49. gxh4 a3 50. h5 a2 51. Qd7+ Kf8 52. Qd4 Qc2+ 53. Kg3 Kg8 54. Ba1 1/2-1/2

[Event "AUT-chT2W 2223"]
[Site "Austria"]
[Date "2023.04.21"]
[Round "9.2"]
[White "Mittelberger, Peter"]
[Black "Maiwald, Jens Uwe"]
[Result "0-1"]
[WhiteElo "2192"]
[BlackElo "2431"]
[PlyCount "98"]
[EventDate "2022.09.23"]
[EventType "team-tourn"]
[EventRounds "11"]
[EventCountry "AUT"]
[SourceTitle "EXT 2024"]
[Source "ChessBase"]
[SourceDate "2023.10.10"]
[SourceVersion "1"]
[SourceVersionDate "2023.10.10"]
[SourceQuality "1"]
[WhiteTeam "Lustenau"]
[BlackTeam "Mayrhofen/Zillertal"]
[WhiteTeamCountry "AUT"]
[BlackTeamCountry "AUT"]

1. c4 g6 2. Nc3 Bg7 3. g3 d6 4. Bg2 e5 5. e3 f5 6. Nge2 Nf6 7. 0-0 a5 8. a3 0-0 9. Rb1 c6 10. d4 e4 11. d5 Qe7 12. b3 Nbd7 13. a4 Nc5 14. Ba3 Ng4 15. Qd2 Qf6 16. Nd4 Bd7 17. Bb2 Qe7 18. Ba1 Ra6 19. Nd1 Ne5 20. Kh1 Rc8 21. Nc3 Be8 22. dxc6 bxc6 23. Nce2 Rb8 24. Bc3 Qc7 25. Qc2 Bf7 26. f3 exf3 27. Nxf3 Qe7 28. Nxe5 dxe5 29. e4 fxe4 30. Bxe4 Be6 31. Rb2 Rf8 32. Rxf8+ Qxf8 33. Bg2 Bf5 34. Qd1 Nd3 35. Nc1 Nxb2 36. Bxb2 c5 37. Ne2 Rd6 38. Bd5+ Kh8 39. Nc3 Bc2 40. Qe2 Bxb3 41. Ne4 Rxd5 42. cxd5 Bxd5 43. Kg1 Qf5 44. Nxc5 Qb1+ 45. Kf2 Qh1 46. Ke3 Qg1+ 47. Qf2 Bh6+ 48. Ke2 Bc4+ 49. Kf3 Qd1+ 0-1

[Event "Bundesliga 2223"]
[Site "Germany"]
[Date "2023.03.19"]
[Round "11.5"]
[White "Maiwald, Jens Uwe"]
[Black "Popovic, Dusan"]
[Result "1/2-1/2"]
[WhiteElo "2441"]
[BlackElo "2486"]
[PlyCount "80"]
[EventDate "2022.10.21"]
[EventType "team-tourn"]
[EventRounds "15"]
[EventCountry "GER"]
[SourceTitle "CBM 213 Extra"]
[Source "ChessBase"]
[SourceDate "2023.05.31"]
[SourceVersion "1"]
[SourceVersionDate "2023.05.31"]
[SourceQuality "1"]
[WhiteTeam "Dresden TU"]
[BlackTeam "Deggendorf"]
[WhiteTeamCountry "GER"]
[BlackTeamCountry "GER"]

1. d4 g6 2. e4 Bg7 3. Nf3 d6 4. c3 Nf6 5. Bd3 0-0 6. 0-0 Nc6 7. d5 Nb8 8. h3 e5 9. c4 Nh5 10. Nc3 a5 11. Re1 Na6 12. Bc2 c6 13. Bg5 Qc7 14. Rc1 h6 15. Be3 Nf4 16. Qd2 g5 17. Nh2 f5 18. exf5 Bxf5 19. Bxf5 Rxf5 20. Red1 Nb4 21. Nf1 cxd5 22. Ng3 Rf7 23. Nxd5 Nbxd5 24. cxd5 Qd7 25. Ne4 g4 26. h4 Raf8 27. Rc4 Qd8 28. Rdc1 Qxh4 29. Rc7 g3 30. Nxg3 Qg4 31. Rxf7 Rxf7 32. Qd1 Qg6 33. Rc8+ Kh7 34. Rd8 Rc7 35. a4 Rf7 36. b3 h5 37. Bxf4 exf4 38. Qxh5+ Qxh5 39. Nxh5 Be5 40. g3 f3 1/2-1/2

[Event "Bundesliga 2223"]
[Site "Germany"]
[Date "2022.10.23"]
[Round "2.5"]
[White "Dragnev, Valentin"]
[Black "Maiwald, Jens Uwe"]
[Result "1-0"]
[WhiteElo "2544"]
[BlackElo "2441"]
[PlyCount "61"]
[EventDate "2022.10.21"]
[EventType "team-tourn"]
[EventRounds "15"]
[EventCountry "GER"]
[SourceTitle "CBM 211"]
[Source "ChessBase"]
[SourceDate "2022.12.31"]
[SourceVersion "1"]
[SourceVersionDate "2022.12.31"]
[SourceQuality "1"]
[WhiteTeam "Bayern Muenchen"]
[BlackTeam "Dresden TU"]
[WhiteTeamCountry "GER"]
[BlackTeamCountry "GER"]

1. d4 Nf6 2. c4 g6 3. Nc3 Bg7 4. e4 d6 5. Be2 0-0 6. Nf3 c5 7. 0-0 Nc6 8. d5 Na5 9. h3 e6 10. Bg5 h6 11. Be3 Re8 12. Qd2 exd5 13. exd5 Ne4 14. Nxe4 Rxe4 15. Rac1 Kh7 16. Bd3 Re8 17. Rfe1 Bd7 18. h4 b6 19. h5 Qf6 20. Qc2 Nb7 21. Bd2 Rxe1+ 22. Rxe1 Re8 23. Bc3 Rxe1+ 24. Nxe1 Qg5 25. hxg6+ fxg6 26. Nf3 Qg4 27. Bxg7 Kxg7 28. Qc3+ Kg8 29. Qf6 Be8 30. b3 a5 31. a4 1-0

[Event "Bundesliga 2223"]
[Site "Germany"]
[Date "2022.10.21"]
[Round "7.6"]
[White "Maiwald, Jens Uwe"]
[Black "Kaasen, Tor Fredrik"]
[Result "1/2-1/2"]
[WhiteElo "2441"]
[BlackElo "2445"]
[PlyCount "134"]
[EventDate "2022.10.21"]
[EventType "team-tourn"]
[EventRounds "15"]
[EventCountry "GER"]
[SourceTitle "CBM 211"]
[Source "ChessBase"]
[SourceDate "2022.12.31"]
[SourceVersion "1"]
[SourceVersionDate "2022.12.31"]
[SourceQuality "1"]
[WhiteTeam "Dresden TU"]
[BlackTeam "Berlin SF"]
[WhiteTeamCountry "GER"]
[BlackTeamCountry "GER"]

1. e4 c5 2. Nc3 Nc6 3. Bb5 Nd4 4. Bc4 a6 5. Nf3 b5 6. Bd5 Rb8 7. Nxd4 cxd4 8. Ne2 Nf6 9. Nxd4 e6 10. Bb3 Nxe4 11. 0-0 Nc5 12. c3 Nxb3 13. Nxb3 Bb7 14. Qh5 Qc7 15. d4 d6 16. Re1 Be7 17. Bf4 Qc6 18. f3 Qd5 19. Qxd5 Bxd5 20. Nc5 Rb6 21. Nd3 Bc4 22. Nb4 a5 23. Nc2 Bd3 24. Ne3 d5 25. Red1 Bg6 26. Bc7 Ra6 27. a4 b4 28. c4 dxc4 29. Rdc1 c3 30. bxc3 b3 31. Rcb1 Bxb1 32. Rxb1 0-0 33. Rxb3 Rc8 34. Bg3 Bf6 35. Kf1 Rac6 36. Be1 Bg5 37. Nd1 Bc1 38. Rb5 Ra8 39. Rb1 Bf4 40. Rb5 Kf8 41. Ke2 Bc7 42. Kd3 Rd8 43. Ne3 Rb6 44. Rc5 Bxh2 45. Rxa5 Bf4 46. Nc2 Bc7 47. Rc5 Rb7 48. c4 Ra8 49. a5 Rba7 50. a6 Bd6 51. Rh5 h6 52. c5 Bc7 53. Nb4 Ba5 54. d5 Bxb4 55. Bxb4 Rxa6 56. c6+ Ke8 57. Kc4 exd5+ 58. Kb5 Ra1 59. Re5+ Kd8 60. Kc5 R8a6 61. Kd6 Rc1 62. Bc5 d4 63. Re4 d3 64. Rb4 Kc8 65. Re4 Kd8 66. Rb4 Kc8 67. Re4 Kd8 1/2-1/2

[Event "AUT-chT2W 2223"]
[Site "Austria"]
[Date "2022.09.25"]
[Round "3.3"]
[White "Reich, Thomas"]
[Black "Maiwald, Jens Uwe"]
[Result "0-1"]
[WhiteElo "2357"]
[BlackElo "2431"]
[PlyCount "60"]
[EventDate "2022.09.23"]
[EventType "team-tourn"]
[EventRounds "11"]
[EventCountry "AUT"]
[SourceTitle "CBM 210 Extra"]
[Source "ChessBase"]
[SourceDate "2022.11.30"]
[SourceVersion "1"]
[SourceVersionDate "2022.11.30"]
[SourceQuality "1"]
[WhiteTeam "Jenbach II"]
[BlackTeam "Mayrhofen/Zillertal"]
[WhiteTeamCountry "AUT"]
[BlackTeamCountry "AUT"]

1. d4 Nf6 2. c4 d6 3. Nc3 e5 4. Nf3 Nbd7 5. Bg5 Be7 6. e3 c6 7. Qc2 h6 8. Bh4 Nh5 9. Bxe7 Qxe7 10. 0-0-0 Nhf6 11. h3 0-0 12. g4 e4 13. Nd2 d5 14. Kb1 Nb6 15. c5 Nbd7 16. Nb3 Nh7 17. h4 Ndf6 18. g5 hxg5 19. hxg5 Nxg5 20. f4 exf3 21. e4 Nfxe4 22. Nxe4 Bf5 23. Qh2 Bxe4+ 24. Bd3 f6 25. Nc1 Kf7 26. Qh4 g6 27. Qg4 Rh8 28. Rhe1 f5 29. Qf4 Ne6 30. Qd2 Rh3 0-1

[Event "Bundesliga 2122"]
[Site "Germany"]
[Date "2022.05.15"]
[Round "8.6"]
[White "Maiwald, Jens Uwe"]
[Black "Zilka, Stepan"]
[Result "1/2-1/2"]
[WhiteElo "2426"]
[BlackElo "2606"]
[PlyCount "88"]
[EventDate "2022.03.05"]
[EventType "team-tourn"]
[EventRounds "15"]
[EventCountry "GER"]
[SourceTitle "EXT 2023"]
[Source "ChessBase"]
[SourceDate "2022.10.05"]
[SourceVersion "1"]
[SourceVersionDate "2022.10.05"]
[SourceQuality "1"]
[WhiteTeam "Dresden TU"]
[BlackTeam "Deizisau"]
[WhiteTeamCountry "GER"]
[BlackTeamCountry "GER"]

1. e4 e5 2. Nf3 Nc6 3. Bb5 Nf6 4. d3 Bc5 5. c3 d5 6. Nbd2 dxe4 7. dxe4 0-0 8. 0-0 Qe7 9. Qc2 a5 10. a4 Na7 11. Be2 Nc6 12. Nb3 Bb6 13. Bg5 Nd8 14. Bh4 c6 15. Nbd2 Bc7 16. Nc4 Ne6 17. Bg3 Nf4 18. Bxf4 exf4 19. e5 Nd5 20. Rfe1 Nb6 21. Nxb6 Bxb6 22. Qe4 Be6 23. Qxf4 Rad8 24. Rad1 Rxd1 25. Bxd1 h6 26. Bc2 Rd8 27. h4 Bd5 28. Be4 Bxe4 29. Qxe4 Qe6 30. h5 Qd5 31. Qxd5 Rxd5 32. g4 Kf8 33. e6 Bd8 34. exf7 Bf6 35. Re8+ Kxf7 36. Rb8 b5 37. axb5 Rxb5 38. Ra8 Rxb2 39. Rxa5 Bxc3 40. Rc5 Bf6 41. Rxc6 Rb4 42. Nh2 Be5 43. Rg6 Bxh2+ 44. Kxh2 Rb3 1/2-1/2

[Event "Bundesliga 2122"]
[Site "Germany"]
[Date "2022.04.30"]
[Round "5.2"]
[White "Radovanovic, Nikola"]
[Black "Maiwald, Jens Uwe"]
[Result "0-1"]
[WhiteElo "2419"]
[BlackElo "2426"]
[PlyCount "82"]
[EventDate "2022.03.05"]
[EventType "team-tourn"]
[EventRounds "15"]
[EventCountry "GER"]
[SourceTitle "EXT 2023"]
[Source "ChessBase"]
[SourceDate "2022.10.05"]
[SourceVersion "1"]
[SourceVersionDate "2022.10.05"]
[SourceQuality "1"]
[WhiteTeam "Muenchen 36"]
[BlackTeam "Dresden TU"]
[WhiteTeamCountry "GER"]
[BlackTeamCountry "GER"]

1. e4 c5 2. Nf3 e6 3. d4 cxd4 4. Nxd4 a6 5. c4 Nf6 6. Nc3 Qc7 7. Be2 b6 8. 0-0 Bb7 9. Qd3 d6 10. f4 Nbd7 11. b4 Be7 12. a3 g6 13. Bd2 Rc8 14. Rac1 Qb8 15. Nb3 0-0 16. Bf3 Rfd8 17. Qe2 Bf8 18. g4 Bg7 19. g5 Ne8 20. Bg2 Rc7 21. Nd1 Qa8 22. Nf2 f5 23. Bc3 e5 24. Nd2 exf4 25. Nd3 Bxc3 26. Rxc3 Ng7 27. Nxf4 Re8 28. Qd3 Ne5 29. Qd4 Rf7 30. exf5 Nxf5 31. Qxb6 Bxg2 32. Nxg2 d5 33. c5 d4 34. Rh3 Nd7 35. Qc7 Re2 36. Nf3 Nf8 37. Qb6 Rxg2+ 38. Kxg2 Ne3+ 39. Kf2 Nxf1 40. c6 Qc8 41. Rh4 Nd2 0-1

[Event "Bundesliga 2122"]
[Site "Germany"]
[Date "2022.04.10"]
[Round "4.1"]
[White "Markgraf, Alexander"]
[Black "Maiwald, Jens Uwe"]
[Result "1/2-1/2"]
[WhiteElo "2482"]
[BlackElo "2426"]
[PlyCount "69"]
[EventDate "2022.03.05"]
[EventType "team-tourn"]
[EventRounds "15"]
[EventCountry "GER"]
[SourceTitle "EXT 2023"]
[Source "ChessBase"]
[SourceDate "2022.10.05"]
[SourceVersion "1"]
[SourceVersionDate "2022.10.05"]
[SourceQuality "1"]
[WhiteTeam "Werder Bremen"]
[BlackTeam "Dresden TU"]
[WhiteTeamCountry "GER"]
[BlackTeamCountry "GER"]

1. e4 c5 2. Nf3 e6 3. d4 cxd4 4. Nxd4 Nc6 5. Nc3 Qc7 6. Be3 a6 7. Qd2 Nf6 8. 0-0-0 Bb4 9. f3 Ne7 10. Nde2 b5 11. Kb1 Ba5 12. Bf4 e5 13. Bg5 h5 14. Qd3 Bb7 15. Bxf6 gxf6 16. Nd5 Nxd5 17. exd5 h4 18. Nc1 d6 19. Qe4 Bc8 20. Bd3 f5 21. Qe2 Rg8 22. g3 Bb6 23. c3 Qc5 24. Qc2 Qf2 25. Ne2 Ke7 26. Rdf1 Qg2 27. Qd2 hxg3 28. hxg3 Rxg3 29. Qe1 Rxf3 30. Qh4+ Ke8 31. Rxf3 Qxf3 32. Qh8+ Ke7 33. Qh4+ Ke8 34. Qh8+ Ke7 35. Qh4+ 1/2-1/2

[Event "AUT-chT2W 2122"]
[Site "Austria"]
[Date "2022.03.13"]
[Round "11.3"]
[White "Maiwald, Jens Uwe"]
[Black "Heinrici, Simon"]
[Result "1-0"]
[WhiteElo "2437"]
[BlackElo "2141"]
[PlyCount "81"]
[EventDate "2021.10.15"]
[EventType "team-tourn"]
[EventRounds "11"]
[EventCountry "AUT"]
[SourceTitle "EXT 2023"]
[Source "ChessBase"]
[SourceDate "2022.10.05"]
[SourceVersion "1"]
[SourceVersionDate "2022.10.05"]
[SourceQuality "1"]
[WhiteTeam "Mayrhofen/Zillertal"]
[BlackTeam "Lustenau"]
[WhiteTeamCountry "AUT"]
[BlackTeamCountry "AUT"]

1. Nf3 d5 2. g3 Bg4 3. Bg2 Nd7 4. 0-0 e6 5. d3 Ngf6 6. c4 c6 7. cxd5 exd5 8. Nc3 Bd6 9. h3 Bxf3 10. Bxf3 0-0 11. e3 Rc8 12. Rb1 Bb8 13. Bg2 Re8 14. b4 d4 15. exd4 Nb6 16. Ne4 Nbd5 17. Qb3 Qb6 18. Nc5 Rcd8 19. a3 Nc7 20. Bg5 Nb5 21. Bxf6 gxf6 22. d5 Re5 23. dxc6 bxc6 24. Rfe1 Nd4 25. Qc4 Qb5 26. Qa2 Bd6 27. Ne4 Kg7 28. Qd2 Rf5 29. Qd1 h5 30. Rc1 Re5 31. Rc4 Bc7 32. f4 Rf5 33. h4 Ne6 34. a4 Qxc4 35. dxc4 Rxd1 36. Rxd1 Nxf4 37. gxf4 Rxf4 38. Rd7 Be5 39. c5 f5 40. Nd2 Kf6 41. Nf3 1-0

[Event "AUT-chT2W 2122"]
[Site "Austria"]
[Date "2022.03.12"]
[Round "10.2"]
[White "Engelhart, Achim"]
[Black "Maiwald, Jens Uwe"]
[Result "0-1"]
[WhiteElo "2088"]
[BlackElo "2437"]
[PlyCount "92"]
[EventDate "2021.10.15"]
[EventType "team-tourn"]
[EventRounds "11"]
[EventCountry "AUT"]
[SourceTitle "EXT 2023"]
[Source "ChessBase"]
[SourceDate "2022.10.05"]
[SourceVersion "1"]
[SourceVersionDate "2022.10.05"]
[SourceQuality "1"]
[WhiteTeam "Hoerbranz"]
[BlackTeam "Mayrhofen/Zillertal"]
[WhiteTeamCountry "AUT"]
[BlackTeamCountry "AUT"]

1. e4 c5 2. Nf3 e6 3. c3 Nf6 4. e5 Nd5 5. d4 cxd4 6. cxd4 d6 7. Bc4 Nc6 8. 0-0 Be7 9. a3 0-0 10. Qe2 Bd7 11. Qe4 Na5 12. Ba2 Rc8 13. Nbd2 Bb5 14. Re1 g6 15. h4 dxe5 16. dxe5 Qb6 17. b4 Nc6 18. Nc4 Bxc4 19. Bxc4 Rfd8 20. Bg5 Bxg5 21. hxg5 Nde7 22. Rac1 Nf5 23. Bf1 a5 24. b5 Ncd4 25. Nh2 Ng3 26. Qg4 Rxc1 27. Rxc1 Nxf1 28. Rxf1 Qxb5 29. Re1 Qd3 30. Qh4 Qd2 31. Rb1 Qc2 32. Re1 Qd2 33. Rb1 Ne2+ 34. Kh1 Qc2 35. Re1 Rd1 36. Nf3 Rxe1+ 37. Nxe1 Qc1 38. f3 Qe3 39. Kh2 Qxe5+ 40. g3 Nd4 41. Kh3 b5 42. Qg4 Qf5 43. Kh4 e5 44. Qe4 Qxe4+ 45. fxe4 a4 46. Nd3 Nc2 0-1

[Event "Bundesliga 2122"]
[Site "Germany"]
[Date "2022.03.05"]
[Round "1.6"]
[White "Van Wely, Loek"]
[Black "Maiwald, Jens Uwe"]
[Result "1-0"]
[WhiteElo "2613"]
[BlackElo "2426"]
[PlyCount "73"]
[EventDate "2022.03.05"]
[EventType "team-tourn"]
[EventRounds "15"]
[EventCountry "GER"]
[SourceTitle "EXT 2023"]
[Source "ChessBase"]
[SourceDate "2022.10.05"]
[SourceVersion "1"]
[SourceVersionDate "2022.10.05"]
[SourceQuality "1"]
[WhiteTeam "Solingen"]
[BlackTeam "Dresden TU"]
[WhiteTeamCountry "GER"]
[BlackTeamCountry "GER"]

1. d4 d6 2. Nf3 g6 3. c4 Bg7 4. Nc3 Nf6 5. e4 0-0 6. Be2 e5 7. 0-0 Na6 8. Be3 c6 9. d5 Ng4 10. Bg5 f6 11. Bh4 c5 12. Ne1 Nh6 13. f3 Nf7 14. Nd3 Bh6 15. a3 Be3+ 16. Kh1 Bd7 17. b4 b6 18. Rb1 Qe7 19. Re1 Rfc8 20. Qb3 Kg7 21. Bf1 Bd2 22. Re2 Bg5 23. Bf2 h5 24. Qa2 h4 25. h3 Qd8 26. Reb2 Nc7 27. bxc5 dxc5 28. Bg1 Ne8 29. a4 Ned6 30. a5 Qh8 31. Na4 Qh6 32. Naxc5 bxc5 33. Nxc5 Rxc5 34. Bxc5 Be3 35. Bxd6 Nxd6 36. Qa3 Nf7 37. Rb8 1-0

[Event "AUT-chT2W 2122"]
[Site "Austria"]
[Date "2022.02.19"]
[Round "4.3"]
[White "Krstic, Uros"]
[Black "Maiwald, Jens Uwe"]
[Result "0-1"]
[WhiteElo "2339"]
[BlackElo "2437"]
[PlyCount "64"]
[EventDate "2021.10.15"]
[EventType "team-tourn"]
[EventRounds "11"]
[EventCountry "AUT"]
[SourceTitle "EXT 2023"]
[Source "ChessBase"]
[SourceDate "2022.10.05"]
[SourceVersion "1"]
[SourceVersionDate "2022.10.05"]
[SourceQuality "1"]
[WhiteTeam "Schwarzach"]
[BlackTeam "Mayrhofen/Zillertal"]
[WhiteTeamCountry "AUT"]
[BlackTeamCountry "AUT"]

1. e4 c5 2. Nf3 e6 3. d4 cxd4 4. Nxd4 Nc6 5. Nc3 Qc7 6. Nb3 Nf6 7. a3 a6 8. f4 d6 9. g4 b5 10. Be3 Bb7 11. Qe2 h6 12. Bg2 Rc8 13. h3 Be7 14. 0-0 Nd7 15. Qf2 Na5 16. Nxa5 Qxa5 17. Bd4 0-0 18. Rae1 e5 19. fxe5 dxe5 20. Nd5 Bxd5 21. exd5 Qd8 22. Qe2 Bxa3 23. bxa3 exd4 24. d6 Nf6 25. Qe5 Qb6 26. Rxf6 gxf6 27. Qxf6 d3+ 28. Kh1 d2 29. Rf1 Qe3 30. Bd5 Qxh3+ 31. Kg1 Qxg4+ 32. Kh1 Qh5+ 0-1

[Event "Bundesliga 1920"]
[Site "Germany"]
[Date "2021.10.17"]
[Round "15.5"]
[White "Bjerre, Jonas Buhl"]
[Black "Maiwald, Jens Uwe"]
[Result "1-0"]
[WhiteElo "2529"]
[BlackElo "2443"]
[PlyCount "63"]
[EventDate "2019.11.23"]
[EventType "team-tourn"]
[EventRounds "15"]
[EventCountry "GER"]
[SourceTitle "EXT 2022"]
[Source "ChessBase"]
[SourceDate "2021.10.06"]
[SourceVersion "1"]
[SourceVersionDate "2021.10.06"]
[SourceQuality "1"]
[WhiteTeam "Kiel Turm"]
[BlackTeam "Dresden TU"]
[WhiteTeamCountry "GER"]
[BlackTeamCountry "GER"]

1. e4 g6 2. d4 Bg7 3. Nc3 d6 4. Be3 a6 5. a4 Nf6 6. Nf3 0-0 7. Qd2 Bg4 8. Be2 Bxf3 9. Bxf3 Nc6 10. d5 Ne5 11. Be2 b5 12. f3 b4 13. Nd1 a5 14. c3 c6 15. dxc6 Nxc6 16. Bb5 bxc3 17. Nxc3 Nb4 18. 0-0 d5 19. exd5 Nfxd5 20. Nxd5 Qxd5 21. Rad1 Qb3 22. Bc5 Bf6 23. Rfe1 Rfc8 24. Bxe7 Bxe7 25. Rxe7 Rc2 26. Qf4 Rf8 27. Red7 Qxb2 28. Bc4 Kh8 29. Rxf7 Rxg2+ 30. Kh1 Rxf7 31. Rd8+ Kg7 32. Rg8+ 1-0

[Event "Bundesliga 1920"]
[Site "Germany"]
[Date "2021.10.15"]
[Round "12.5"]
[White "Maiwald, Jens Uwe"]
[Black "Kantans, Toms"]
[Result "1-0"]
[WhiteElo "2443"]
[BlackElo "2490"]
[PlyCount "67"]
[EventDate "2019.11.23"]
[EventType "team-tourn"]
[EventRounds "15"]
[EventCountry "GER"]
[SourceTitle "EXT 2022"]
[Source "ChessBase"]
[SourceDate "2021.10.06"]
[SourceVersion "1"]
[SourceVersionDate "2021.10.06"]
[SourceQuality "1"]
[WhiteTeam "Dresden TU"]
[BlackTeam "Speyer Schwegenheim"]
[WhiteTeamCountry "GER"]
[BlackTeamCountry "GER"]

1. d4 Nf6 2. Nf3 g6 3. Bg5 Bg7 4. Nbd2 h6 5. Bh4 0-0 6. c3 d6 7. e4 Nh5 8. Bc4 Nd7 9. g4 Nf4 10. Bg3 e5 11. Bxf4 exf4 12. h3 c5 13. dxc5 Nxc5 14. Qc2 Bd7 15. 0-0-0 Rc8 16. Rhe1 Na4 17. e5 b5 18. Bxf7+ Rxf7 19. Ne4 Qe7 20. Nxd6 Rff8 21. Nxc8 Rxc8 22. Rd6 Be8 23. Nd4 Kh7 24. Nf5 Qf7 25. e6 Qc7 26. Rd7 Bxd7 27. exd7 Qxd7 28. Re7 Qc6 29. Nxg7 Rc7 30. Qe2 Qb7 31. Rxc7 Qxc7 32. Ne6 Qd6 33. Qe4 a6 34. Qb7+ 1-0

[Event "Bundesliga 1920"]
[Site "Germany"]
[Date "2021.10.14"]
[Round "9.45"]
[White "Maiwald, Jens Uwe"]
[Black "Smeets, Jan"]
[Result "0-1"]
[WhiteElo "2443"]
[BlackElo "2596"]
[PlyCount "80"]
[EventDate "2019.11.23"]
[EventType "team-tourn"]
[EventRounds "15"]
[EventCountry "GER"]
[SourceTitle "EXT 2022"]
[Source "ChessBase"]
[SourceDate "2021.10.06"]
[SourceVersion "1"]
[SourceVersionDate "2021.10.06"]
[SourceQuality "1"]
[WhiteTeam "Dresden TU"]
[BlackTeam "Solingen"]
[WhiteTeamCountry "GER"]
[BlackTeamCountry "GER"]

1. e4 c5 2. Nc3 Nc6 3. Bb5 Nd4 4. Bc4 e6 5. Nf3 Ne7 6. 0-0 Nec6 7. d3 g6 8. Nxd4 cxd4 9. Ne2 Bg7 10. Bf4 d6 11. Qd2 h5 12. f3 Bf6 13. h3 Qe7 14. Bg3 Bd7 15. f4 h4 16. Bh2 Rg8 17. c3 dxc3 18. Nxc3 a6 19. e5 Bh8 20. Ne4 dxe5 21. fxe5 Nxe5 22. Bxe5 Bxe5 23. d4 Bc6 24. dxe5 Bxe4 25. Qe3 Bf5 26. Rac1 Rh8 27. Bd3 Rd8 28. Bxf5 gxf5 29. Rfd1 Rg8 30. Qb6 Rxd1+ 31. Rxd1 Kf8 32. Rd8+ Kg7 33. Rxg8+ Kxg8 34. b4 Kg7 35. a4 Qd7 36. Qe3 Kg6 37. Qf4 Qxa4 38. Qxh4 Qa1+ 39. Kf2 Qb2+ 40. Kf3 Qxe5 0-1

[Event "Bundesliga 1920"]
[Site "Germany"]
[Date "2020.02.23"]
[Round "8.5"]
[White "Fedorchuk, Sergey A"]
[Black "Maiwald, Jens Uwe"]
[Result "1/2-1/2"]
[WhiteElo "2621"]
[BlackElo "2443"]
[PlyCount "42"]
[EventDate "2019.11.23"]
[EventType "team-tourn"]
[EventRounds "15"]
[EventCountry "GER"]
[SourceTitle "CBM 195 Extra"]
[Source "ChessBase"]
[SourceDate "2020.05.31"]
[SourceVersion "1"]
[SourceVersionDate "2020.05.31"]
[SourceQuality "1"]
[WhiteTeam "Viernheim"]
[BlackTeam "Dresden TU"]
[WhiteTeamCountry "GER"]
[BlackTeamCountry "GER"]

1. e4 c5 2. Nf3 e6 3. d4 cxd4 4. Nxd4 a6 5. c4 Nf6 6. Nc3 Bb4 7. Qd3 0-0 8. e5 Ne8 9. Be2 Qc7 10. Bf4 f6 11. Qe3 fxe5 12. Bxe5 Bxc3+ 13. bxc3 d6 14. Bg3 e5 15. Nb3 Be6 16. c5 Nd7 17. cxd6 Nxd6 18. 0-0 Nf5 19. Qe4 Nxg3 20. hxg3 Nf6 21. Qc2 Rac8 1/2-1/2